|
|
|
|
| LEADER |
00000nam a22000007a 4500 |
| 005 |
20130226171745.0 |
| 007 |
cr|||| |||| |
| 008 |
130226e 200 it |||||s|||| 00||0 ita d |
| 020 |
|
|
|a 9788884226716
|
| 035 |
|
|
|a 7271
|
| 040 |
|
|
|a vLex
|
| 090 |
|
|
|c 3773
|d 3773
|
| 100 |
1 |
0 |
|a Villani, Ugo
|
| 245 |
1 |
0 |
|a Istituzioni di Diritto dell’Unione Europea
|h [Recurso electrn̤ico]
|
| 256 |
|
|
|a Servicio en ln̕ea
|
| 260 |
|
|
|a Bari :
|b Cacucci Editore,
|c 2008
|
| 300 |
|
|
|a 1 Recurso electrn̤ico
|
| 650 |
0 |
4 |
|a Derecho comunitario
|
| 650 |
0 |
4 |
|a Unin̤ Europea
|
| 740 |
|
|
|a vLex Libros (Servicio en ln̕ea)
|
| 856 |
|
|
|a Acceso restringido
|u http://www.vlex.com/source/7271
|
| 942 |
|
|
|c BOOK
|
| 999 |
|
0 |
|a European Union
|